Statistics for European Subdivision Map Shape

Click here to take the quiz!

General Stats

  • This quiz has been taken 802 times
  • The average score is 14 of 18

Answers on the Map

Answers color-coded by a green-red scale on the quiz's map according to % correct below.
 

Answer Stats

Answer% Correct
England
96%
Scotland
93%
Balearic Islands
91%
Sicily
90%
Wales
90%
Corsica
86%
Northern Ireland
84%
Sardinia
82%
Catalonia
79%
Bavaria
77%
Brandenburg
73%
Brittany
71%
Andalusia
65%
Tuscany
65%
Lower Saxony
64%
Veneto
64%
Galicia
63%
Provence-Alpes-Côte d'Azur
60%

Score Distribution

Percentile by Number Answered

Percent of People with Each Score

Your Score History

You have not taken this quiz